La danza : el entrenamiento total del bailarín /

Detalles Bibliográficos
Otros Autores: Wilmerding, Virginia (Editor), Krasnow, Donna (Editor), Villena Sánchez, Beatriz (Traductor)
Formato: Electrónico eBook
Lenguaje:español
inglés
Publicado: Barcelona : Paidotribo, [2017]
Edición:Primera edición.
Materias:
Acceso en línea:Digitalia Hispánica

MARC

LEADER 00000nam a2200000Ii 4500
001 DIGEDPBR0204
003 NyNyDIG
006 m o d
007 cr |||||||||||
008 260105s2017 sp a ob 001 0 spa d
035 |a (OCoLC)1475681751 
040 |a DGITA  |b eng  |e rda  |e pn  |c DGITA 
020 |a 9788499107455  |q ePub 
020 |z 9788499107080 
041 1 |a spa  |h eng 
050 1 4 |a GV1588 ebook 
082 0 4 |a 792.8  |2 23 
130 0 |a Dancer wellness.  |l Spanish  |s (Villena Sánchez) 
245 1 3 |a La danza :  |b el entrenamiento total del bailarín /  |c Virginia Wilmerding y Donna H. Krasnow, editoras ; traducción, Beatriz Villena. 
250 |a Primera edición. 
264 1 |a Barcelona :  |b Paidotribo,  |c [2017] 
300 |a 1 online resource :  |b color illustrations. 
336 |a text  |b txt  |2 rdacontent 
337 |a computer  |b c  |2 rdamedia 
338 |a online resource  |b cr  |2 rdacarrier 
347 |a text file  |2 rdaft 
347 |b EPUB 
504 |a Includes bibliographical references and index. 
588 0 |a Online resource; title from ePub title page (Digitalia, viewed January 5, 2026) 
650 0 |a Dance. 
650 0 |a Dancers. 
650 0 |a Physical fitness. 
650 0 |a Dance  |x Physiological aspects. 
650 0 |a Dance  |x Psychological aspects. 
650 0 |a Dancing injuries  |x Prevention. 
700 1 |a Wilmerding, Virginia,  |e editor. 
700 1 |a Krasnow, Donna,  |e editor. 
700 1 |a Villena Sánchez, Beatriz,  |e translator. 
791 2 |a Digitalia (Firm),  |e distributor. 
793 0 |g Digitalia eBook Collection:  |a Editorial Paidotribo 
776 0 8 |i Print version:  |a Dancer wellness. Spanish (Villena Sánchez).  |t Danza.  |b Primera edición.  |d Barcelona : Paidotribo, [2017]  |z 9788499107080 
856 4 0 |3 Digitalia Hispánica  |u https://www.digitaliapublishing.com/a/159853/ 
910 |a Premium collection: 2026